[Event "8th EUROPEAN INDIVIDUAL CHESS CHAMPIONSHIP"]
[Site "Dresden/Germany"]
[Date "2007.04.05"]
[Round "3.7"]
[White "Moiseenko, Alexander"]
[Black "Kotanjian, Tigran"]
[Result "1-0"]
[WhiteElo "2630"]
[BlackElo "2560"]
[Annotator "Ëåáåäåâ Âàñèëèé"]
[PlyCount "57"]
[EventDate "2007.04.03"]

1. d4 d5 2. c4 c6 3. Nc3 Nf6 4. e3 e6 5. Nf3 Nbd7 6. Bd3 dxc4 7. Bxc4 b5 8. Bd3
a6 9. e4 c5 {Êàê ãîâîðèòñÿ, ïî÷óâñòâóé ñâÿçü âðåì¸í! Â ïåðâûé ðàç íà âûñøåì
óðîâíå ýòà ïîçèöèÿ âñòðåòèëàñü â ïàðòèè Àëåõèí - Êîëüñòå (Áàäåí-Áàäåí 1925). Â
ïîñëåäíèé - â ïîåäèíêå Ìîðîçåâè÷ - Êîðíååâ (Ïàìïëîíà 2006)...} 10. e5 {
Äàæå â ìîåé, ÿâíî íåïîëíîé, ÌåãàÁàçå åñòü 867 ïàðòèé íà ýòó òåìó...} (10. d5
Qc7 11. O-O Bb7 12. Bc2 O-O-O 13. Ng5 Ne5 14. f4 Nc4 15. b3 Nb6 16. f5 h6 17.
Nxf7 Qxf7 18. fxe6 Qc7 19. Bf4 Bd6 20. Bxd6 Qxd6 21. Rf5 Qc7 22. a4 b4 23. a5
bxc3 24. axb6 Qxb6 25. Kh1 Rhe8 26. Qf1 Kb8 27. Rd1 Ka7 28. h3 Qb4 29. Ra1 Nxe4
30. Bxe4 Qxe4 31. Rf7 Qxd5 32. Rxa6+ Kb8 33. Qf4+ Rd6 34. Rxb7+ Kxb7 35. Rxd6
Qxb3 36. Qf7+ {(1-0 Morozevich,A (2747) - Korneev,O (2657)/Pamplona 2006).})
10... cxd4 (10... Nd5 11. Ng5 cxd4 12. Nxd5 exd5 13. O-O Be7 14. e6 Ne5 15.
exf7+ Kf8 16. Nxh7+ Kxf7 17. Qh5+ g6 18. Qxe5 Rxh7 19. Qxd4 Rh4 20. Qe3 Qh8 21.
Bxg6+ Kxg6 22. Qxe7 Ra7 23. Qxa7 Rxh2 24. Qb6+ Kf5 25. g4+ {
(1-0 Alekhine,A - Te Kolste,J/Baden-Baden 1925).}) 11. Nxb5 axb5 12. exf6 gxf6
13. O-O Qb6 14. Qe2 b4 ({Èãðàþò è 14...Ba6.} 14... Ba6) 15. Rd1 Bc5 16. a4 h5
17. Bf4 Kf8 ({Ëþáîïûòíî áóäåò ïðîâåðèòü íà ïðàêòèêå «ðûáíóþ» ðåêîìåíäàöèþ:
} 17... e5 18. a5 $1 Qe6 $1 ({íî íå} 18... Rxa5 19. Rxa5 Qxa5 20. Nxe5 $1)) 18.
Bg3 e5 19. Rdc1 {À òåîðèÿ âñ¸ íèêàê íå çàêîí÷èòñÿ...} Be7 $6 {Âñå íàçàä...  Â
ñòàðîäàâíèå, äîñòîñëàâíûå âðåìåíà ñîëíöå ñâåòèëî ÿð÷å, ìîðå áûëî ìîêðåå,
äåâóøêè - ñèìïàòè÷íåå.} ({È øàõìàòèñòû èãðàëè «Ìåðàí» èäåéíåå:} 19... Ba6 $1
20. Qe4 (20. a5 $5) 20... Ra7 21. Bb5 Be7 22. Nh4 Nc5 {
è ÷¸ðíûå, â êîíöå êîíöîâ, ïîáåäèëè:} 23. Qe2 Nb3 24. Bxa6 Nxc1 25. Rxc1 Qxa6
26. Nf5 d3 27. Qe3 Rd7 28. Bh4 d2 29. Rd1 Qd3 30. Qxd3 Rxd3 31. Kf1 Ke8 32. Ke2
Rd5 33. Rxd2 Rxd2+ 34. Kxd2 Kd7 35. Ne3 Ke6 36. b3 Rd8+ 37. Kc2 Rd4 38. g3 Bc5
39. h3 Rd7 40. Nd1 Bd4 41. g4 hxg4 42. hxg4 Rc7+ 43. Kd2 Rd7 44. Ke2 Bc3 45.
Ne3 Rd2+ {(0-1 Kashdan,I - Horowitz,I/New York 1946).}) 20. a5 {
Ñòàíäàðòíûé «òû÷îê» â äàííîì âàðèàíòå.} Qd8 ({Åñëè} 20... Qa7 {, òî} 21. Bh4
({ñëàáåå} 21. Be4 Ba6) 21... Kg7 22. Rc6 Bb7 (22... Nc5 23. Nxe5 $1) 23. Rc7
Bxf3 24. Qc2 $1 b3 25. Qc1 $1 ({õóæå} 25. Qc4 {
èç-çà ñëåäóþùåé òàêòè÷åñêîé ýêâèëèáðèñòèêè:} Nb6 $1 26. Qc1 Bb7 27. Rxe7 Nd5
28. Rd7 Rad8) 25... Qb8 $1 {è ìíå, êàê àìàò¸ðó-àòàê¸ðó, õî÷åòñÿ âåðèòü, ÷òî
íàèáîëåå ïåðñïåêòèâíûì ÿâëÿåòñÿ ñëåäóþùåå íàïðàâëåíèå:} 26. Rxd7 Rc8 $1 27.
Qd2 Bc6 28. Rxe7 Qd6 29. Rxf7+ $1 Kxf7 30. Qh6 {è ò.ä.}) 21. Qe4 Ra7 ({Íà} 
21... Ba6 {ñëåäóåò} 22. Bxa6 Rxa6 23. Qb7 Ra8 24. Qb5 $14) {À ïîñëå õîäà â
ïàðòèè áåëûå ïðèñòóïàþò ê î÷èñòêå öåíòðà îò íåïðèÿòåëüñêèõ ïåøåê.} 22. Nxd4
Bb7 ({Åñëè} 22... Nc5 {, òî} 23. Nc6 $1 ({ñëàáåå} 23. Rxc5 Bxc5 24. Nc6 Bb7 25.
Nxd8 Bxe4 26. Bxe4 h4) 23... Qxd3 24. Qxd3 Nxd3 25. Nxa7 $16 {
Ïðîèçîøåäøèé ïåðåáîé ÿâíî íå â ïîëüçó ÷¸ðíûõ.} Be6 26. f3 $1 {
È, ïîõîæå, ÷òî ó íèõ ñåðü¸çíûå ïðîáëåìû:} Nxb2 ({èëè} 26... Nxc1 27. Rxc1 Kg7
28. a6 Ra8 29. Nc6 Kf8 30. a7 Bd5 31. Bf2) 27. a6 Nd3 28. Nc6 Nxc1 29. Rxc1 Bd5
30. a7 Bxc6 31. Rxc6 Kg7 32. Bf2 Ra8 33. Kf1 {è ò.ä. Ñ ïðîõîäíîé íà à7,
ïîääåðæàííîé ñëîíîì, æèòü ëåãêî è ïðèÿòíî. Ìîæíî äàæå «ïîïûòàòüñÿ» è íà
ïîáåäó ïîèãðàòü. ;)}) 23. Qe3 Bc5 {Ñåðü¸çíîå óïóùåíèå.} ({Íåâàæíî è} 23... exd4
24. Qxd4 $16) ({Íî, êàæåòñÿ, ÷òî} 23... Rxa5 $5 {
íå òàê óæ è ïëîõî, êàê ýòî êàæåòñÿ íà ïåðâûé âçãëÿä:} 24. Rxa5 Qxa5 25. Nf5 Nc5
({ïîïûòêà ôîðñèðîâàííî çàöåïèòüñÿ íà íè÷üþ; ïîñëå} 25... Bc5 26. Qd2 {
ó áåëûõ íà öåëóþ ëàäüþ «áîëüøå» â èãðå).}) 26. Bc4 (26. Nxe7 $6 Nxd3 $1)
26... Ne6 $1 (26... Ne4 27. Bh4 Qc5 28. Bd3 $1) 27. Bh4 Nf4 {
, è çàìåòèì, ìèìîõîäîì, ÷òî ëèøíþþ, «äåáþòíóþ», ïåøêó ÷¸ðíûå ñîõðàíèëè}
) ({Ñ ïîìîùüþ «ïîäðó÷íûõ» ñðåäñòâ óäàëîñü (ïîñëå} 23... Rxa5 $1 24. Rxa5
Qxa5 25. Nf5 Nc5 {) îáíàðóæèòü òîëüêî ìàí¸âð} 26. Bf1 $1 Ne6 27. Qd3 Qd8 (27...
Qd5 $4 28. Rc8+ $1) 28. Qb5 Ba8 29. h4 {
è ò.ä. - âñåãî ëèøü ñ íåêîòîðîé èíèöèàòèâîé...}) 24. Ne6+ $6 {Íå ñàìîå âåðíîå,
íî ýôôåêòíîå ðåøåíèå. Íî, ÷òîáû âûíåñòè òàêîé ïðèãîâîð ýòîìó õîäó, íåîáõîäèìî
íàéòè î÷åíü õèòðûé, íåïðèìåòíûé (ïîòîìó ÷òî ïåøå÷íûé!) ïðîìåæóòîê.} ({
Íàäî áûëî, âèäèìî, ïðîäîëæèòü ãðîçèòü èç öåíòðà:} 24. Bxe5 $3 fxe5 25. Rxc5 $1
{È} {åñëè} exd4 {, òî} ({â ñëó÷àå} 25... Nxc5 26. Qxe5 Kg8 27. Qxc5 {
÷¸ðíûå ïîëó÷àëè «âîçìîæíîñòü» ïîêàçàòü ñâî¸ ìàñòåðñòâî â çàùèòå õóäøèõ
ýíäøïèëüíûõ ïîçèöèéïîñëå} Qd5 28. Qxd5 Bxd5 29. f3 {è ò.ä.}) 26. Qxd4 Rg8 27.
g3 {È â ýòîì ïîëîæåíèè ó áåëûõ - áîëüøèå ïëàíû íà áóäóùåå:} ({íå ïðîõîäèò} 27.
Rxh5 Bxg2 28. Bh7 Rg7 29. Bg6 Kg8 $1) 27... Rg4 (27... Ra8 28. Rf5) 28. f4 {
è êîíòðàòàêà ÷¸ðíûõ íå ïðîõîäèò:} Qf6 29. Qxd7 {(áåð¸ì âñ¸!)} Qxf4 30. Rc2 $1
Rxg3+ 31. hxg3 Qxg3+ 32. Kf1 Qf3+ 33. Ke1 Qh1+ 34. Bf1 Qe4+ 35. Re2 Qh4+ 36.
Rf2 Qe4+ 37. Be2 Qh1+ 38. Rf1 Qh4+ {- îòøàõîâàëèñü ïî ïîëíîé, ìîæíî è ñäàòüñÿ -
} 39. Kd1) ({Íî â òàêèõ ïîçèöèÿõ íå íàäî æäàòü ìèëîñòè ó ïðîòèâíèêà. Íàäî
áðàòü èõ ñàìèì.  Ïîýòîìó ðàññìîòðèì (ïîñëå} 24. Bxe5 fxe5 25. Rxc5 $1 {) è}
Bxg2 $5 26. Nc6 $1 (26. Kxg2 $2 Nxc5) 26... Rg8 $1 ({ïîñëå} 26... Bxc6 27. Rxc6
{÷¸ðíûå ïðîñòî íå óñïåâàþò ñêîîðäèíèðîâàòü ñâîè ðàçîáù¸ííûå ñèëû}) 27. Nxd8
Bh3+ 28. Qg3 Nxc5 29. Bc4 Rxg3+ 30. hxg3 Be6 31. Bxe6 $1 Nxe6 32. Nc6 {
. Ïîçèöèÿ ðàâíàÿ (ïî ìàòåðèàëó) è áåçíàä¸æíàÿ (ïî ñìûñëó) äëÿ ÷¸ðíûõ!}) 24...
fxe6 25. Rxc5 $1 Ra8 $2 {Ðåøàþùàÿ îøèáêà.} ({Ïðîìåæóòîê, êîòîðûé ìîã áû
ñïóòàòü áåëûì âñå èõ ïëàíû è ðàñ÷¸òû òóò îáíàðóæèâàåòñÿ ñëåäóþùèé:} 25... h4
$3 26. Rb5 Qa8 $1 {Óãîëêè - òîæå èíòåðåñíàÿ èãðà!} 27. Bxe5 $1 {
Àëüòåðíàòèâû ýòîìó êðàñèâîìó óäàðó âèëàìè ïî âîäå íåò.} Nxe5 ({ñëàáåå} 27...
fxe5 28. Rxe5 Bd5 29. Rxd5 $1 {è ïðèõîäèòñÿ îòâå÷àòü} Qxd5 ({ïîñëå} 29... exd5
$2 {ïðîáëåìû ÷¸ðíûõ íàðàñòàþò, êàê ñíåæíûé êîì â ðóêàõ äåòèøåê, ëåïÿùèõ
ñíåæíóþ áàáó:} 30. Qf4+ Ke8 31. Re1+ Kd8 32. Bb5 $1 Rxa5 $8 33. Qg5+ Kc7 34.
Rc1+ Kb6 35. Bxd7 Qd8 36. Qe3+ Ka6 37. Qd3+ Kb7 38. Bc6+ Kb8 39. Qd4 {
- èùè, ìîé äðóã, èùè. Èùè íè÷üþ}) 30. Qxa7 Qxd3 31. Qb7 Qd5 32. Qxb4+ {
- òóò èãðû è áîðüáû åù¸ âàãîí è ìàëåíüêàÿ òåëåæêà}) 28. Rxe5 $1 fxe5 29. Qxe5
Kf7 ({èëè} 29... Ke7 30. Qc7+ Kf6 31. Qf4+) 30. Bg6+ $1 {
Âå÷íûé øàõ òîæå íàäî îáúÿâëÿòü êðàñèâî!} ({«î÷åâèäíîå»} 30. Qc7+ $2 {
íå ïðîõîäèò èç-çà} Kg8 $1 31. Qe5 Bd5 $19) ({
ìîæíî «çàíè÷åèòü» è ñëåäóþùèì îáðàçîì} 30. Qf4+ Ke8 31. Bb5+ Ke7 32. Qxb4+
Kf6 33. Qf4+ Ke7) 30... Kxg6 31. Qxe6+ Kg7 (31... Kg5 $2 32. f4+ $1 Kh5 33. Re1
$18) (31... Kh5 32. Re1) 32. Qe7+ Kg6 $11) 26. Rb5 Ba6 27. Rxb4 {
Âîò è íåò áîëüøå âîçìîæíîñòè h5-h4...} Bxd3 28. Qxd3 {Ïîäâåä¸ì ïðåäâàðèòåëüíûå
èòîãè, áûñòðî ñòàíîâÿùèåñÿ îêîí÷àòåëüíûìè: ó áåëûõ ëèøíÿÿ ïåøêà, «çàòî» âñå
èõ ôèãóðû ðàñïîëîæåíû ëó÷øå ñâîèõ îïïîíåíòîâ. Îöåíêà -  «+-».} Qc7 ({
Ìó÷èòüñÿ â ýíäøïèëå ïîñëå} 28... Nc5 29. Qxd8+ Rxd8 30. f3 {
, ïûòàÿñü ñïðàâèòüñÿ ñ ïðîõîäíûìè áåëûõ? Óâîëüòå!}) 29. Rc4 {
, è ÷¸ðíûå ñäàëèñü.} ({Äîáèâàþùèå âàðèàíòû, ïîõîæå, âåñüìà íåìóäð¸íû:} 29.
Rc4 Qd8 (29... Qb7 30. Qd6+ Kg8 31. Rc7) 30. Rd1 Ra7 31. b4) 1-0

[Event "8th EUROPEAN INDIVIDUAL CHESS CHAMPIONSHIP"]
[Site "Dresden/Germany"]
[Date "2007.04.05"]
[Round "3.13"]
[White "Cao, Sang"]
[Black "Galkin, Alexander"]
[Result "0-1"]
[WhiteElo "2548"]
[BlackElo "2590"]
[Annotator "Ëåáåäåâ Âàñèëèé"]
[PlyCount "64"]
[EventDate "2007.04.03"]

{Ïîñëå ýòîé ïàðòèè ó ðîñòîâ÷àíèíà Àëåêñàíäðà Ãàëêèíà ñòàëî 3 è 3! Òàê áû è
äàëüøå...} 1. e4 c6 2. d4 d5 3. e5 Bf5 4. Nc3 e6 5. g4 Bg6 6. Nge2 c5 7. Be3 Nc6
8. dxc5 Nxe5 9. Nd4 Nd7 10. f4 Bxc5 11. Bb5 {
Òàê óæå èãðàëè. Çíà÷èò, ê ýòîìó ñîïåðíèêè ãîòîâèëèñü. Íàø ïîäãîòîâèëñÿ ëó÷øå.
} Ngf6 $1 {Ïîõîæå, ÷òî íîâèíêà, íî ãëàâíîå - õîä õîðîøèé!} (11... Ne7 12. Qe2
O-O 13. O-O-O a6 14. Bxd7 Qxd7 15. h4 Rac8 16. h5 Be4 17. Nxe4 dxe4 18. h6 g6
19. Nf5 Nd5 20. Bxc5 Rxc5 21. Qxe4 Qc7 22. Ne3 Nxe3 23. Qxe3 Rxc2+ 24. Kb1 Rc4
25. Rd4 Rc8 26. a3 Kf8 27. Rhd1 Rxd4 28. Qxd4 Ke8 29. g5 b5 30. Ka1 Rd8 31.
Qh8+ Ke7 32. Qf6+ Ke8 33. Re1 Qc2 34. Rxe6+ fxe6 35. Qxe6+ Kf8 36. Qf6+ Ke8 37.
Qe6+ {(1/2 Mortensen,E (2470) - Berg,K (2440)/Odense 1994).}) (11... a6 12.
Bxd7+ Qxd7 13. f5 e5 14. fxg6 hxg6 15. Qe2 Ne7 16. Nf3 Bxe3 17. Nxe5 Qe6 18.
Qxe3 d4 19. Qxd4 Nc6 20. Qd7+ Qxd7 21. Nxd7 Kxd7 22. O-O-O+ Ke7 23. Rhe1+ Kf8
24. Rd7 Rxh2 25. Rxb7 Nd4 26. Rd7 Ne6 27. Ne4 Re8 28. Ra7 Nc5 29. Rxf7+ Kg8 30.
Rf4 g5 31. Nf6+ Kf7 32. Nxe8+ gxf4 33. Nd6+ Kg6 34. b4 Na4 35. Re6+ Kg5 36.
Ne4+ Kxg4 37. Rxa6 Re2 38. Nd2 Re1# {
(0-1 Stevic,H (2527) - Ruck,R (2571)/Neum 2002).}) 12. Qe2 ({
Òåïåðü ñàìûì ïðèíöèïèàëüíûì âûãëÿäåëî} 12. Nxe6 $5 {
(è, êàæåòñÿ, ýòî áûëî ëó÷øèì â äàííîé ñèòóàöèè) 1} fxe6 13. Bxc5 a6 14. Bxd7+
Qxd7 15. Qd4 $1 (15. O-O Rc8 16. Bd4) 15... Nxg4 16. O-O-O {è ò.ä. Ó ÷¸ðíûõ
ïîçèöèÿ íå õóæå. Êàê ìèíèìóì...  Íî, ÷óâñòâóÿ, ÷òî åãî «âûëîâèëè» èãðàþùèé
áåëûìè íà ýòî íå ïîø¸ë.}) 12... Ne4 13. Bxd7+ {Áåççóáî ñûãðàíî.} ({Â òàêèõ 
ïîçèöèÿõ íàäî äóìàòü òîëüêî î äâèæåíèè â ñòîðîíó êîðîëÿ ïðîòèâíèêà. È òîãäà, ìîæåò
áûòü, ÷òî-òî äà è ïîëó÷èòüñÿ...} 13. f5 $5 exf5 ({ïîñëå} 13... Qh4+ 14. Kd1
Bxd4 15. Bxd4 exf5 16. Bxd7+ Kxd7 17. Qb5+ Kd8 18. Qxd5+ Ke8 19. Qe5+ Qe7 20.
Nxe4 {- ïîëó÷àþòñÿ óïðîùåíèÿ, «ðàçíîöâåò» è íè÷üÿ)}) 14. O-O-O $1 {
Þëèé Öåçàðü òóò áû âîñêëèêíóë: «Ðóáèêîí, ïåðåéä¸í, ìîñòû ñîææåíû»... Íó, à
ìû - ïîâåòâèìñÿ:} fxg4 $6 15. Nxe4 Bxe4 16. Qxg4 $1 Bxh1 (16... g6 17. Rhe1 h5
18. Qh3 a6 $2 19. Ne6 $1) 17. Rxh1 {- ïîêà êîðîëü ÷¸ðíûõ â öåíòðå ìîæíî
ïîçâîëèòü ñåáå íåêîòîðóþ âàëüÿæíóþ íåòîðîïëèâîñòü.} Qe7 18. Bg5 f6 19. Ne6 $1
{È âðîäå áû áåëûå óæå âíå îïàñíîñòè. Íàïðèìåð:} Kf7 (19... fxg5 $2 20. Re1) (
19... h5 20. Qf5 fxg5 21. Re1) (19... h5 20. Qf5 Kf7 21. Re1 Kg8 22. Qxd5 Nb6
23. Qb3 Qf7 24. Bd2 $1 {è ÷¸ðíûì âñ¸ åù¸ òðóäíî ðàçâÿçàòüñÿ.}) 20. Re1 Kg8 (
20... Nf8 21. Bxf6 $1) (20... Ne5 $2 21. Rxe5 $1) 21. Bh4 {- êîíü íà å6 ãîòîâ
êî âñåâîçìîæíûì îòñêîêàì. Ïðàâäà, áîëüøå íè÷üåé ýòî, ïîõîæå, íå äà¸ò:} Bb6 22.
Nxg7 (22. Bxd7 Qxd7 23. Bxf6 h5 $1) 22... Qxg7 ({ñëàáåå} 22... Ne5 23. Nh5+ $1
Nxg4 24. Rxe7 Kf8 25. Rxb7 Rg8 26. Rxh7 {è ò.ä.}) 23. Qe6+ Qf7 (23... Kf8 24.
Qd6+ Kg8 25. Bxd7 $18) 24. Qg4+ Qg7 25. Qe6+ Qf7 $11 26. Qg4+) ({
Áîëüøå ïðîáëåì (ïîñëå} 13. f5 $5 exf5 14. O-O-O {) ó áåëûõ ïîñëå} Nxc3 $1 {
Íî åñòü íàäåæäà, ÷òî ïðîáëåìû ýòè - ðåøàåìûå.} 15. bxc3 fxg4 16. Bg5+ Be7 17.
Bxe7 Qxe7 18. Bxd7+ Kxd7 19. Qxg4+ Kc7 20. Rhe1 Qc5 (20... Be4 21. Nb5+ Kc6 22.
c4 $1 f5 23. Qxf5 $1) 21. Qf4+ Kb6 22. Nb3 (22. Ne6 $5) 22... Qa3+ 23. Kb1 Rhe8
24. Qd4+ Kc7 25. Rxe8 Rxe8 26. Qxd5 Qe7 27. Qa5+ Kb8 28. Nc5 b6 (28... Bf5 $5)
29. Qa4 bxc5 30. Rd7 Bxc2+ 31. Kxc2 Qe4+ 32. Qxe4 Rxe4 33. Rxf7 {. Âîò è äîæèëè
äî «ëàäåéíèêà», êîòîðûé, êàê èçâåñòíî, íå âûèãðûâàåòñÿ.  Ïî êðàéíåé ìåðå,
íåêîòîðûå øàíñû íà íè÷üþ ó áåëûõ åñòü...}) 13... Qxd7 14. f5 {
Ïîõîæå, óæå ïîçäíîâàòî...} exf5 15. gxf5 Bxd4 16. Bxd4 Qxf5 ({Ïîñëå} 16...
O-O-O $5 {äàæå ïðè ÿâíî íå ëó÷øåì} 17. fxg6 (17. O-O-O $5) {
ó áåëûõ åñòü î÷åíü êðàñèâàÿ  «ïî÷òè» çàùèòà} 17... Nxc3 18. bxc3 ({
â ñëó÷àå} 18. Bxc3 Rde8 19. Be5 Rxe5 $1 20. Qxe5 Re8 21. Qxe8+ Qxe8+ 22. Kd2
hxg6 $19 {âîïðîñîâ îòíîñèòåëüíî îêîí÷àòåëüíîãî ðåçóëüòàòà ïàðòèè íå âîçíèêàåò}
) 18... Rde8 19. Be3 Rxe3 20. Qxe3 Re8 21. O-O $3 Rxe3 22. gxf7 Qg4+ 23. Kh1
Rf3 24. f8=R+ {;)} Rxf8 25. Rxf8+ Kd7 26. Re1 {, è, áûòü ìîæåò, áåëûì óäàñòñÿ
ñîçäàòü ëèíèþ îáîðîíû íà ïîñëåäíåì ðóáåæå. Õîòÿ óæ î÷åíü ñëàáû èõ ïåøêè
ôåðçåâîãî ôëàíãà...}) 17. Bxg7 ({
Âèäèìî, ëó÷øå áûëî ðàçìåíÿòü ôåðçåé è èçáàâèòüñÿ îò ïîëîâèíû ñâîèõ ñòðàõîâ:} 
17. Rf1 Qe6 18. Qb5+ Qc6 19. Qxd5 O-O 20. Qxc6 bxc6 21. O-O-O {è ò.ä.}) 17...
Rg8 18. Rf1 Qe6 {Êîíå÷íî, ó ÷¸ðíûõ ìíîãî ëó÷øå. À âåäü èä¸ò âñåãî ëèøü 18-é
õîä, è èãðàëè îíè çàùèòó Êàðî-Êàíí... Óìåòü íàäî!} 19. Nb5 ({Ïîñëå} 19. Qb5+ Qc6
20. Qxc6+ bxc6 21. Nxe4 Bxe4 {
áåëûõ æäàëè äîëãèå ìó÷åíèÿ â òÿæ¸ëîì «ðàçíîöâåòå».}) 19... Rc8 20. Nd4 ({
Åñëè} 20. Bd4 {, òî íå íàäî ìîðî÷èòü ñåáå è ëþäÿì ãîëîâó, ïûòàÿñü âûèãðàòü
ýôôåêòíî. Íàïðèìåð, ïóò¸ì} Rxc2 $5 21. Qxc2 {Èáî çäåñü ïðèõîäèòñÿ âûáèðàòü èç
äâóõ ïðûæêîâ êîíÿ, è âûáîð ìîæåò îêàçàòüñÿ íåóäà÷íûì:} Ng3+ $6 ({ëó÷øå} 21...
Nc3+ 22. Kf2 Nxb5 23. Qc5 Nd6 24. Qxa7 Ne4+ 25. Ke1 Ng3+ 26. Be3 Nxf1 27. Qa8+
Ke7 28. Qa3+ Kf6 29. Qc3+ Qe5 30. Kxf1 {
Õîòÿ, ñîãëàñèòåñü, çäåñü ó áåëûõ åñòü øàíñû íà íè÷üþ - ðàçíîöâåò æå!}) 22.
Kf2 Bxc2 23. Nc7+ Ke7 (23... Kd7 $2 24. Nxe6 Nxf1 25. Nc5+) 24. Nxe6 Nxf1 {
Âåñ¸ëàÿ êàðòèíêà!} 25. Nc5 Nxh2 26. Re1+ Kd6 27. Nxb7+ Kc6 28. Re7 {. Ãì-ì...})
({Âìåñòî âñåãî òîëüêî ÷òî âûøåïðèâåä¸ííîãî áðåäà íàäî (ïîñëå} 20. Bd4 {
) ñûãðàòü ïðîñòî} a6 $1 21. Na3 Qh3 $1 {
- ñ èäåé ëèøèòü áåëûõ ïðàâà íà ðîêèðîâêó.} 22. Rg1 (22. O-O-O Bh5) 22... Qh4+
23. Kf1 Qf4+ ({à òî è «çàôååðèòü» -} 23... Bh5 $1) 24. Ke1 {. Ïîñëå ÷åãî
íàïðàâèòü âñå ñâîè îðóäèÿ ãëàâíîãî êàëèáðà íà îñòàâøåãîñÿ íàâå÷íî â öåíòðå
âðàæåñêîãî êîðîëÿ -} Rc6 $1 {, çàòåì Re6 è ò.ä.}) 20... Qb6 21. Bf6 (21. Qg4
Qb4+ 22. c3 Rxc3 {è ò.ä.}) 21... Qb4+ 22. c3 Rxc3 $1 {
Âîò è íà÷àëàñü ñòîëü ìèëàÿ ñåðäöó «äîáèâàòåëüíàÿ» òàêòèêà!} 23. Kd1 ({Èëè} 
23. Qb5+ Qxb5 24. Nxb5 Re3+ 25. Kd1 Bh5+ 26. Kc2 (26. Kc1 Nxf6) 26... Rg2+ 27.
Kc1 Nxf6 28. Rxf6 Re1#) ({
Ïðîñòî íåëüçÿ áåç æàëîñòè ñìîòðåòü íà ïîçèöèþ áåëûõ ïîñëå} 23. bxc3 Qxc3+ 24.
Kd1 Qxa1+) 23... Bh5 $1 24. Qxh5 Rc1+ $5 ({Àé-ÿé-ÿé! ;)  Ëó÷øå} 24... Nf2+ $1)
25. Ke2 ({Èëè} 25. Kxc1 Qc4+ 26. Nc2 (26. Kd1 Qxf1+ 27. Kc2 Qc4+ 28. Kd1 Rg1#)
26... Qxf1+ {- çàíàâåñ!}) 25... Qxb2+ ({«Àé-ÿé-ÿé! - 2».} 25... Qd2+ 26. Kf3
Rg3+ $1 27. hxg3 Qd3+ 28. Kg4 Qxg3+ 29. Kf5 Nd6#) {Íî, êîíå÷íî æå, íàä¸æíåå
âûèãðàòü åù¸ íåìíîãî ìàòåðèàëü÷èêó, íåæåëè èñêàòü âñÿ÷åñêè ìàòû. Âî âðåìÿ
èãðû «ìàòîèñêàòåëè» èãðîêàì íå ïîëîæåíû, òîëüêî ãîëîâà. ;)} 26. Kf3 Rxf1+ 27.
Rxf1 Qg2+ 28. Ke3 Qd2+ 29. Kf3 Qd3+ 30. Kf4 Qxf1+ 31. Nf3 Qc1+ 32. Ke5 Nxf6 {
È áåëûå íàêîíåö-òî ñäàëèñü.} 0-1

[Event "8th EUROPEAN INDIVIDUAL CHESS CHAMPIONSHIP"]
[Site "Dresden/Germany"]
[Date "2007.04.05"]
[Round "3.196"]
[White "Sejkora, Vlastimil"]
[Black "Ringoir, Guy"]
[Result "1-0"]
[WhiteElo "2219"]
[BlackElo "1954"]
[Annotator "Ëåáåäåâ Âàñèëèé"]
[PlyCount "17"]
[EventDate "2007.04.03"]

{Ýòî ïðîñòî ñåíñàöèÿ! Â ñëåäóþùåé ïàðòèè íàêîíåö-òî áûëà óñòàíîâëåíà èñòèíà
â îäíîì «àêòóàëüíåéøåì» âàðèàíòå. :))))} 1. e4 c5 2. Nf3 g6 3. d4 cxd4 4.
Nxd4 Nf6 5. Nc3 Nc6 6. Bc4 {Íàêîíåö-òî óäàð íà å4 áûë îïðîâåðãíóò!} Nxe4 $2 {
Óäàð, ïðèíåñøèé ÷¸ðíûì àæ äâå ïîáåäû!} 7. Nxe4 ({«Âñòðå÷àëîñü»} 7. Nxc6
bxc6 8. Qf3 $4 {, è íà ýòîì öèòèðîâàíèå ïàðòèè ïðåêðàùàåì (0-1 Akyil,U -
Saygin,S/Eskisehir 2004).}) 7... d5 8. Nxc6 $1 ({«Èãðàëè» è} 8. Qf3 $4 {
(0-1 Jamois,E - Algaba,S/Rochefort 1998).}) 8... bxc6 9. Bb3 {Èñòèíà, êîòîðàÿ
ñäåëàåò ñâîáîäíûìè, ïî êðàéíåé ìåðå, ÷¸ðíûõ îò ïðîäîëæåíèÿ äàëüíåéøåé èãðû
çàêëþ÷àåòñÿ â òîì,} ({, ÷òî (ïîñëå} 9. Bb3 $1 {) íà} dxe4 {ïîñëåäóåò} 10.
Bxf7+ $1) 1-0